Statistics for British Royal Family Quiz

Click here to take the quiz!

General Stats

  • This quiz has been taken 64,217 times
    (11,355 since last reset)
  • The average score is 20 of 32

Answer Stats

Family Member % Correct
Elizabeth: HM The Queen
99%
HRH Prince Henry, Duke of Sussex
98%
Charles: HRH Prince of Wales
97%
HRH Prince William, Duke of Cambridge
96%
Diana, Princess of Wales
93%
Catherine HRH Duchess of Cambridge
93%
Philip: HRH Duke of Edinburgh
91%
HRH Meghan, Duchess of Sussex
90%
HRH Prince George of Cambridge
89%
HRH Camilla, Duchess of Cornwall
84%
Anne: HRH The Princess Royal
81%
Andrew: HRH Duke of York
78%
HRH Princess Charlotte of Cambridge
77%
Edward: HRH Earl of Wessex
75%
HRH Prince Louis of Cambridge
69%
Archie Mountbatten-Windsor
68%
Sarah: Duchess of York
66%
HRH Princess Beatrice of York
62%
HRH Princess Eugenie of York
61%
Zara Tindall, née Phillips
55%
Mark Phillips
45%
Mike Tindall
44%
Sophie: HRH Countess of Wessex
42%
Peter Phillips
39%
James, Viscount Severn
36%
Timothy Laurence
29%
Lady Louise Windsor
27%
Mia Tindall
26%
Autumn Kelly
23%
Savannah Phillips
21%
Isla Phillips
17%
Lena Tindall
15%

Score Distribution

Percentile by Number Answered

Percent of People with Each Score

Your Score History

You have not taken this quiz since the last reset